• 首页
  • 本馆介绍
  • 公告通知
  • 最新文献
  • 馆藏检索
  • 电子资源
  • 读者导购
  • 参考咨询
  • 我的图书馆
  • 登录
  • 详细信息显示
  • 放入我的书架
  • 预约/预借图书
  • 作者相关作品
  • 分类相关作品
  • 丛书相关作品
  • 出版社相关作品

书目信息

  • 表格格式
  • 工作单格式
  • 卡片格式
题名:
教育经济学
    
 
作者: 布鲁尔 , 麦克伊万 编著 ;刘泽云 , 郑磊 , 田志磊 译
分册:  
出版信息: 北京   北京师范大学出版社  2017
页数: 633页
开本: 23cm
丛书名: 经典教科书系列
单 册:
中图分类: G40-054
科图分类:
主题词: 教育经济学--jiao yu jing ji xue--研究
电子资源:
ISBN: 978-7-303-18971-7
000 01430nam 2200361 450
001 012001002360
005 20131028140402.0
010    @a978-7-303-18971-7@dCNY82.00
099    @aCAL 012017085956
100    @a20170512d2017 em y0chiy50 ea
101 1  @achi@ceng
102    @aCN@b110000
105    @ay a 000yy
106    @ar
200 1  @a教育经济学@Ajiao yu jing ji xue@f(美) 多米尼克·J·布鲁维尔, (美) 帕崔克·J·麦克伊万编著@d= Econmics of education@fDominic J. Brewer, Patrick J. McEwan@g刘泽云, 郑磊, 田志磊译@zeng
210    @a北京@c北京师范大学出版社@d2017
215    @a633页@d23cm
225 2  @a经典教科书系列@Ajing dian jiao ke shu xi lie
306    @a本书中文简体版由ELSEVIER LIMITED of the Boulevard,Langford Lane,Kidlington,Oxford,OX5 1GB,UK授权北京师范大学出版社在中国境内独家出版发行
314    @a责任者Brewer规范汉译姓: 布鲁尔
320    @a有书目
333    @a教育经济学学者、从事教育工作者及相关读者。
410  0 @12001 @a经典教科书系列
500 10 @aEconmics of education@mChinese
606 0  @a教育经济学@Ajiao yu jing ji xue@x研究
690    @aG40-054@v5
701  1 @a布鲁尔@Abu lu wei er@g(Brewer, Dominic J.)@4编著
701  1 @a麦克伊万@Amai ke yi wan@g(McEwan, Patrick J.)@4编著
702  0 @a刘泽云@Aliu ze yun@4译
702  0 @a郑磊@Azheng lei@4译
702  0 @a田志磊@Atian zhi lei@4译
801  2 @aCN@b江苏凤凰@c20191020
905    @b1228729-32@dG40-054@e1023@f4
    
    教育经济学/(美) 多米尼克·J·布鲁维尔, (美) 帕崔克·J·麦克伊万编著= Econmics of education/Dominic J. Brewer, Patrick J. McEwan/刘泽云, 郑磊, 田志磊译.-北京:北京师范大学出版社,2017
    633页;23cm.-(经典教科书系列)
    使用对象:教育经济学学者、从事教育工作者及相关读者。
    
    ISBN 978-7-303-18971-7:CNY82.00
    
●
相关链接 在E读中查询图书 在五车中查询图书 在当当中查询图书 在豆瓣中查询图书


正题名:教育经济学     索取号:G40-054/1023         预约/预借

序号 登录号 条形码 馆藏地/架位号 状态 备注
1 1228729   212287292   第一样本阅览室/ [索取号:G40-054/1023] 在馆    
2 1228730   212287309   第四借阅区/ [索取号:G40-054/1023] 在馆    
3 1228731   212287318   第四借阅区/ [索取号:G40-054/1023] 在馆    
4 1228732   212287327   第四借阅区/ [索取号:G40-054/1023] 在馆    
唐山师范学院图书馆 欢迎您!
大连网信软件有限公司© 版权所有